Human Values And Professional Ethics/ (Record no. 191256)

MARC details
000 -LEADER
fixed length control field 00601nam a2200181 4500
005 - DATE AND TIME OF LATEST TRANSACTION
control field 20220824104323.0
010 ## - LCCN (DPL NO)
LC control number ENG-134638
020 ## - INTERNATIONAL STANDARD BOOK NUMBER
Terms of availability 172.00
International Standard Book Number 9788192708836
035 ## - SYSTEM CONTROL NUMBER
System control number EN-118119
037 ## - SOURCE OF ACQUISITION
Source of stock number/acquisition DBAD/PUB
082 ## - DEWEY DECIMAL CLASSIFICATION NUMBER
Classification number 170
100 ## - MAIN ENTRY--PERSONAL NAME
Personal name Prgathi,P.S
245 ## - TITLE STATEMENT
Title Human Values And Professional Ethics/
Statement of responsibility, etc By Dr.P.S.Prgathi
260 ## - PUBLICATION, DISTRIBUTION, ETC. (IMPRINT)
Place of publication, distribution, etc Hyderbad
Name of publisher, distributor, etc Spectrum Educational Books
Date of publication, distribution, etc 2018
270 ## - ADDRESS
City Hyderbad
Postal code 500038
Address #326/C, Level-5, Surneni Nilayam, Near B K Guda Park, S R Nagar
Telephone number 914023710657
Fax number 914023810657
300 ## - PHYSICAL DESCRIPTION
Extent viii,192p.
Dimensions 21cm(hbk)
942 ## - ADDED ENTRY ELEMENTS (KOHA)
Source of classification or shelving scheme Dewey Decimal Classification
Item type English Books
Classification part 170
Call number suffix PRA
Holdings
Withdrawn status Lost status Not for loan Collection code Home library Current library Date acquired Source of acquisition Cost, normal purchase price Full call number Barcode Copy number Cost, replacement price Koha item type
      Non-fiction Ashok Vihar Ashok Vihar 23/08/2022 DBAD/PUB 172.00 170 PRA EN-118119 1 172.00 English Books

© Delhi Public Library
Hit Counter
free hit counter